| 000 | 01415nam a22002417a 4500 | ||
|---|---|---|---|
| 003 | OSt | ||
| 005 | 20210210173353.0 | ||
| 008 | 210210s2016 ck ||||gr|||| 00| 0 spa d | ||
| 020 | _a9789586442169 | ||
| 040 |
_aCO-JMCR _cCO-JMCR |
||
| 041 | 0 | _aspa | |
| 082 | 0 | 4 |
_a333.7309861 / _bM843r _223 |
| 100 | 1 |
_aMoreno, Tulia, _eautora _913287 |
|
| 245 | 1 | 0 |
_aRestitución de tierras en Colombia : _banálisis y estudio de caso / _cTulia Moreno, Javier Lautaro Medina, Adriana Patricia Fuentes, [y 1 más]. |
| 260 |
_aBogotá : _bCInep, _c2016 |
||
| 300 |
_a262 páginas ; _c23 cm. |
||
| 505 | 0 | _aEl toco: la alianza entre funcionarios y paramilitares para despojar -- La secreta: reparación integral y restitución de tierras a niños, niñas y adolescentes en la Ley 1448 de 2011 -- Ni vencedores ni vencidos: restitución de tierras en el Alto de Tillavá -- Restitución de derechos territoriales a comunidades étnicas: el asentamiento Wayúu de nuevo espinal -- El enfoque de género en la restitución de tierras -- Reflexión sobre restitución de tierras y minería -- Restitución y derecho a la tierra: un análisis desde la noción de Unidad Agrícola Familiar | |
| 650 | 2 | 4 |
_aRestitución de tierras _zColombia _913288 |
| 650 | 2 | 4 |
_aDerechos sobre la tierra _zColombia _913289 |
| 700 | 1 |
_aLautaro Medina, Javier, _eautor _99985 |
|
| 700 | 1 |
_aFuentes, Adriana Patricia, _eautora _913290 |
|
| 942 |
_2ddc _cBK |
||
| 999 |
_c7152 _d7152 |
||